Human biology / (Record no. 12441)

000 -LEADER
fixed length control field 00526pam a2200181 a 4500
020 ## - INTERNATIONAL STANDARD BOOK NUMBER
ISBN 0697278220 (hardcover : alk. paper)
020 ## - INTERNATIONAL STANDARD BOOK NUMBER
ISBN 0697278212 (paper : alk. paper)
040 ## - CATALOGING SOURCE
Transcribing agency DLC
082 00 - DEWEY DECIMAL CLASSIFICATION NUMBER
Classification number 612 WCB 1998 A042 A042 Or.
100 1# - MAIN ENTRY--AUTHOR NAME
Personal name Mader, Sylvia S.
245 10 - TITLE STATEMENT
Title Human biology /
250 ## - EDITION STATEMENT
Edition statement 5th ed.
260 ## - PUBLICATION, DISTRIBUTION, ETC. (IMPRINT)
Place of publication Boston, Mass. :
Name of publisher WCB/McGraw-Hill,
Year of publication c1998.
300 ## - PHYSICAL DESCRIPTION
Number of Pages 1 v. (various pagings) :
Other physical details ill. (some col.), col. map ;
Dimensions 28 cm.
500 ## - GENERAL NOTE
General note Includes index.
650 #0 - SUBJECT ADDED ENTRY--TOPICAL TERM
Topical Term Human biology.
942 ## - ADDED ENTRY ELEMENTS (KOHA)
Koha item type សៀវភៅភាសាអង់គ្លេស
952 ## - LOCATION AND ITEM INFORMATION (KOHA)
Withdrawn status [LOCAL, KOHA] 0
Holdings
Permanent Location Date acquired Koha item type Lost status Shelving location Barcode Current Location Full call number
Library Block A2017-08-14សៀវភៅភាសាអង់គ្លេស A042A16273Library Block A612 WCB 1998 A042 Or.
មជ្ឈមណ្ឌលឯការនៃសាកលវិទ្យាល័យភូមិន្ទកសិកម្មចំការដូង

Powered by Koha